Central Library OPAC University of Rajshahi

The co-operative movement in India : (Record no. 43802)

MARC details
000 -LEADER
fixed length control field 00937nam a2200265 a 4500
001 - CONTROL NUMBER
control field 43802
003 - CONTROL NUMBER IDENTIFIER
rucl marc code BD-RjUL
005 - DATE AND TIME OF LATEST TRANSACTION
control field 20211209053744.0
008 - FIXED-LENGTH DATA ELEMENTS--GENERAL INFORMATION
fixed length control field 160627r19501932xx b 000 0 eng
035 ## - SYSTEM CONTROL NUMBER
System control number (BD-RjUL)43920
040 ## - CATALOGING SOURCE
Original cataloging agency DLC
Transcribing agency OC
Modifying agency BD-RjUL
Language of cataloging eng
041 ## - LANGUAGE CODE
Language code of text/sound track or separate title eng
082 ## - DEWEY DECIMAL CLASSIFICATION NUMBER
Classification number 334.0954
Edition number 23
Author mark and year HOC 1950
100 1# - MAIN ENTRY--PERSONAL NAME
Personal name Hough, Eleanor Margaret
9 (RLIN) 134632
245 04 - TITLE STATEMENT
Title The co-operative movement in India :
Remainder of title its relation to a sound national economy /
Statement of responsibility, etc. Eleanor Margaret Hough,
250 ## - EDITION STATEMENT
Edition statement 2d rev. and enl. ed
260 ## - PUBLICATION, DISTRIBUTION, ETC. (IMPRINT)
Place of publication, distribution, etc. Calcutta :
-- New York :
Name of publisher, distributor, etc. Indian Branch, Oxford University Press,
Date of publication, distribution, etc. c1950
300 ## - PHYSICAL DESCRIPTION
Pagination xxi, 402 p. ;
Size 22 cm.
500 ## - GENERAL NOTE
General note A revision of the author's thesis, George Washington University, first published in London 1932.
504 ## - BIBLIOGRAPHY, ETC. NOTE
Bibliography, etc Bibliography: p. 355-392.
650 #0 - SUBJECT ADDED ENTRY--TOPICAL TERM
Topical term or geographic name as entry element Cooperation
Geographic subdivision India.
9 (RLIN) 134633
Topical term or geographic name as entry element Cooperation
Geographic subdivision Pakistan.
9 (RLIN) 134634
942 ## - ADDED ENTRY ELEMENTS (KOHA)
Source of classification or shelving scheme Dewey Decimal Classification
Koha item type Books
Holdings
Lost status Source of classification or shelving scheme Damaged status Not for loan Collection code Permanent Location Current Location Shelving location Date acquired Source of acquisition Total Checkouts Full call number Date last seen Copy number Koha item type
  Dewey Decimal Classification     Non-fiction Central Library, University of Rajshahi Central Library, University of Rajshahi   26/10/1963 Zeithlinger   334.0954 HOC 1950 27/06/2016 C-2 Books